01050pam a2200313 a 45000010008000000030004000080050017000120080041000290100017000700200015000870200015001020350012001170400054001290430012001830500021001951000022002162450096002382500041003342600077003752640009004523000055004613360029005163370028005453380030005735040064006036500018006676500029006857000022007141104930OSt20260428170500.0930318s1994 njua b 001 0 eng  a 93001145  a0131197142 a0131197142 a1104930 aDLCcFoundation UniversitydFoundation University ae-it---00aN6915b.H37 19871 aHartt, Frederick.10aHistory of Italian Renaissance art :bpainting, sculpture, architecture /cFrederick Hartt. a4th ed. /brev. by David G. Wilkins. aEnglewood Cliff, N.J. :bPrentice Hall ;aNew York :bH.N. Abrams,c1987 41987 a696 p. :bill. (some col.) ;c30 cm.3booksfbooks atextbtxt2rdacontent3n aunmediatedbn2rdamedia avolumebnc2rdacarrier3n aIncludes bibliographical references (p. 669-677) and index. 0aArt, Italian. 0aArt, RenaissancezItaly.1 aWilkins, David G.